LEADER 01387nam a2200313 i 4500 001 000000180756 003 CaOOAMICUS 005 20210218123901.0 008 090724s1966 fr u000 u mul u 013 $a158463 040 $aSeMil$bita 240 10$aEpistula ad Hilarium Syracusanum ; De perfectione iustitiae hominis ; De natura et gratia ; De gestis pelagii.$0(OLS)http://semarc/title/259586 245 10$a21: La crise pélagienne 1. /$cIntroductions, traductions et notes par G. de Plinval et J. De La Tullaye. 300 $a671 p. 490 0 $aBibliothèque augustinienne 700 1 $aLa Tullaye, Jean : de.$0(OLS)http://semarc/name/66873 700 1 $aPlinval, Georges : de,$d<1891-1973>.$0(OLS)http://semarc/name/9704 700 0 $aAugustinus, Aurelius,$c.$0(OLS)http://semarc/name/498 773 0 $tOeuvres de Saint Augustin.$dParis : Desclée de Brouwer, [196?]$kBibliothèque augustinienne$g21$w()21749 830 0$aBibliothèque augustinienne.$0(OLS)http://semarc/title/571 850 $aSeMil 852 $aSeMil$W1$xVenegono$y1$m2S I 291$j131504$B131504$CSeMilBibl$Z2$F143379 $81 900 1 $aAgostino : d'Ippona. 900 1 $aSant'Agostino. 961 $aOmaggio: Altro 996 $6245$a21: La crise pélagienne 1.$9(OLS)http://semarc/title/259585 LEADER 01200nam a2200265 i 4500 001 000000068803 003 CaOOAMICUS 005 20100810000000.0 008 100810s1923 it u000 u ita u 013 $a39975 040 $aSeMil$bita 100 1 $aBattistelli, Luigi.$0(OLS)http://semarc/name/34365 245 13$aLa bugia nei normali, nei criminali, nei folli :$bsaggio psicologico /$cLuigi Battistelli ; con introduzione del prof. M. L. Patrizi. 250 $a2. ed. riveduta. 260 $aBari :$bLaterza,$c1923. 300 $aXX, 259 p. ;$c22 cm. 490 0 $aBiblioteca di cultura moderna ;$v111 650 4$aPsicologia e antropologia criminale.$0(OLS)http://semarc/subject/10563 650 4$aMenzogna.$0(OLS)http://semarc/subject/10330 700 1 $aPatrizi, Mariano Luigi.$0(OLS)http://semarc/name/34366 830 0$aBiblioteca di cultura moderna ;$v111.$0(OLS)http://semarc/title/639 850 $aSeMil 852 $aSeMil$W1$xVenegono$y1$m2O IV 94$j34956$B34956$CSeMilBibl$Z2$F34959 $81 996 $6245$aLa bugia nei normali, nei criminali, nei folli :$bsaggio psicologico$9(OLS)http://semarc/title/110004 996 $6260$aBari :$bLaterza$9(OLS)http://semarc/publisher/29858 LEADER 00514nam a2200157 i 4500 001 000000205256 003 CaOOAMICUS 005 20110818000000.0 008 110818n it u000 u ita u 013 $a183992 040 $aSeMil$bita 245 10$aVol. 2. 773 0 $aMarlin, Jon Frederic$tEuropa immortale.$dMilano : Edizioni Nuova Europa, 1951.$w()25326 850 $aSeMil 852 $aSeMil$W1$xVenegono$y1$m3U II 147$j155750$B155750$CSeMilBibl$Z2$F167086 $81 996 $6245$aVol. 2$9(OLS)http://semarc/title/13458 LEADER 01085nas a2200205 i 4500 001 000000001170 003 CaOOAMICUS 005 20221216150619.0 008 180830s19939999be zx lf u0 z|lat u 040 $aSeMil$bita 245 10$aCorpus Christianorum. Thesaurus Patrum Latinorum. Supplementum$h[generale di collana]. 264 1$aTurnhout :$bBrepols,$c1993- 490 0 $aCorpus Christianorum. Thesaurus Patrum Latinorum. Supplementum 760 0 $tCorpus Christianorum. Thesaurus Patrum Latinorum.$dTurnhout : Brepols, 1986-$w()78 830 0$aCorpus Christianorum. Thesaurus Patrum Latinorum. Supplementum.$0(OLS)http://semarc/title/1899 850 $aSeMil 852 $aSeMil$W1$xVenegono$y1$mVedi "Titolo uniforme di collana" per le collocazioni dei singoli volumi$j222888$qSottoscrizione aperta$B243728$CSeMilBibl$Z2$F243728 $8I 996 $6245$aCorpus Christianorum. Thesaurus Patrum Latinorum. Supplementum$h[generale di collana]$9(OLS)http://semarc/title/442385 996 $6264$aTurnhout :$bBrepols$9(OLS)http://semarc/publisher/29626